[Event "SVK-chT1W 2223"]
[Site "Slovakia"]
[Date "2023.01.14"]
[Round "7.8"]
[White "Farkas, Renata"]
[Black "Pinter, Patrik"]
[Result "0-1"]
[WhiteElo "1881"]
[BlackElo "2172"]
[PlyCount "112"]
[EventDate "2022.10.15"]
[EventType "team-tourn"]
[EventRounds "11"]
[EventCountry "SVK"]
[SourceTitle "EXT 2024"]
[Source "ChessBase"]
[SourceDate "2023.10.10"]
[SourceVersion "1"]
[SourceVersionDate "2023.10.10"]
[SourceQuality "1"]
[WhiteTeam "Gabcikovo MSK"]
[BlackTeam "Nitra NSK"]
[WhiteTeamCountry "SVK"]
[BlackTeamCountry "SVK"]

1. d4 g6 2. c4 Bg7 3. e4 c5 4. d5 d6 5. Nc3 Nf6 6. Be2 0-0 7. Bg5 Qa5 8. Qd2 Re8 9. h4 Nbd7 10. h5 Nf8 11. hxg6 fxg6 12. Bh6 Bh8 13. Nf3 a6 14. Ng5 e5 15. Qe3 b5 16. cxb5 Rb8 17. Qg3 Bg7 18. Bxg7 Kxg7 19. a4 axb5 20. Kf1 Bd7 21. Qh4 bxa4 22. Ne6+ Nxe6 23. dxe6 Bxe6 24. Rxa4 Qb6 25. Qh6+ Kg8 26. Ra6 Qxb2 27. Nd1 Qd4 28. Ra7 Bf7 29. Qh4 Rb1 30. Kg1 Rxd1+ 31. Bxd1 Qxd1+ 32. Kh2 Qh5 33. Qxh5 gxh5 34. f3 Rc8 35. Rb1 Ne8 36. Rbb7 Bg6 37. Ra3 c4 38. Rc3 Bf7 39. Kg3 Kg7 40. Kh4 Kf6 41. g3 Rc6 42. f4 Nc7 43. Rb2 d5 44. fxe5+ Kxe5 45. exd5 Nxd5 46. Rf3 Bg6 47. Re2+ Kd6 48. Rf8 c3 49. Rd8+ Kc5 50. Re5 Rd6 51. Rc8+ Kd4 52. Rg5 Ne3 53. Rgc5 c2 54. R5c7 Kd3 55. Rc5 Rd4+ 56. Kg5 Nc4 0-1

[Event "SVK-chT1W 1920"]
[Site "Slovakia"]
[Date "2019.10.13"]
[Round "2.5"]
[White "Koval, Maros"]
[Black "Pinter, Patrik"]
[Result "1/2-1/2"]
[WhiteElo "2076"]
[BlackElo "2167"]
[PlyCount "87"]
[EventDate "2019.10.12"]
[EventType "team-tourn"]
[EventRounds "11"]
[EventCountry "SVK"]
[SourceTitle "CBM 193 Extra"]
[Source "ChessBase"]
[SourceDate "2020.01.31"]
[SourceVersion "1"]
[SourceVersionDate "2020.01.31"]
[SourceQuality "1"]
[WhiteTeam "Bratislava Lokomotiva"]
[BlackTeam "Nitra NSK"]
[WhiteTeamCountry "SVK"]
[BlackTeamCountry "SVK"]

1. d4 g6 2. Nf3 Bg7 3. c4 c5 4. e3 Nc6 5. Nc3 d6 6. Be2 Nf6 7. 0-0 0-0 8. b3 Bd7 9. Bb2 a6 10. Qd2 Qc7 11. Rac1 Rfc8 12. Rfd1 Be8 13. Nd5 Qd8 14. dxc5 Ne4 15. Qc2 Bxb2 16. Qxb2 Nxc5 17. b4 Nd7 18. h4 a5 19. a3 axb4 20. axb4 Ra4 21. h5 Rca8 22. Ra1 Rxa1 23. Rxa1 Rxa1+ 24. Qxa1 gxh5 25. b5 Nce5 26. Qd4 Ng6 27. Nh2 e6 28. Nc3 Qb6 29. Ne4 Qxd4 30. exd4 Nf4 31. Nxd6 Nxe2+ 32. Kf1 Nxd4 33. Nxe8 Kf8 34. Nd6 b6 35. Ke1 e5 36. Nf1 Ke7 37. Nc8+ Kd8 38. Nd6 Ke7 39. Nc8+ Kd8 40. Nd6 f6 41. Ne3 Ke7 42. Nc8+ Kd8 43. Nd6 Ke7 44. Nc8+ 1/2-1/2

[Event "SVK-chT1W 1415"]
[Site "Slovakia"]
[Date "2014.11.29"]
[Round "3.6"]
[White "Pinter, Patrik"]
[Black "Karas, Marek"]
[Result "0-1"]
[WhiteElo "2125"]
[BlackElo "2170"]
[PlyCount "82"]
[EventDate "2014.10.18"]
[EventType "team-tourn"]
[EventRounds "11"]
[EventCountry "SVK"]
[SourceTitle "EXT 2016"]
[Source "ChessBase"]
[SourceDate "2015.10.08"]
[SourceVersion "1"]
[SourceVersionDate "2015.10.08"]
[SourceQuality "1"]
[WhiteTeam "Nitra NSK"]
[BlackTeam "Osuske"]
[WhiteTeamCountry "SVK"]
[BlackTeamCountry "SVK"]

1. e4 e6 2. d4 d5 3. Nc3 Nf6 4. e5 Nfd7 5. f4 c5 6. Nce2 Nc6 7. Nf3 Be7 8. c3 0-0 9. g3 f6 10. Bh3 fxe5 11. Bxe6+ Kh8 12. Bxd5 cxd4 13. 0-0 d3 14. Qxd3 Nf6 15. c4 Nb4 16. Qb3 Bh3 17. Bd2 Bxf1 18. Rxf1 Nbxd5 19. cxd5 e4 20. Ng5 Qb6+ 21. Kg2 Qxb3 22. axb3 e3 23. Bxe3 Nxd5 24. Bd4 Bxg5 25. fxg5 Kg8 26. Nf4 Nb6 27. Ra1 Rfd8 28. Ne2 Rd6 29. Bc3 a6 30. Nf4 Re8 31. Ra5 Nd7 32. h4 Nb8 33. Nh5 Rd7 34. Ra4 Nc6 35. Rc4 Ree7 36. b4 Rc7 37. Rc5 Na7 38. Rd5 Red7 39. Rf5 Nb5 40. Rf3 Nxc3 41. bxc3 Rd2+ 0-1

[Event "SVK-chT2B 1314"]
[Site "Slovakia"]
[Date "2014.03.15"]
[Round "10.1"]
[White "Pinter, Patrik"]
[Black "Szegi, Tamas"]
[Result "1/2-1/2"]
[WhiteElo "2162"]
[BlackElo "2233"]
[PlyCount "36"]
[EventDate "2013.10.19"]
[EventType "team-tourn"]
[EventRounds "11"]
[EventCountry "SVK"]
[SourceTitle "EXT 2015"]
[Source "ChessBase"]
[SourceDate "2014.11.20"]
[SourceVersion "1"]
[SourceVersionDate "2014.11.20"]
[SourceQuality "1"]
[WhiteTeam "Topolcianky"]
[BlackTeam "Batorove Kosihy"]
[WhiteTeamCountry "SVK"]
[BlackTeamCountry "SVK"]

1. e4 c5 2. Nf3 e6 3. Nc3 a6 4. Be2 Nc6 5. d4 cxd4 6. Nxd4 Bc5 7. Nb3 Ba7 8. 0-0 Nf6 9. a4 Qc7 10. g3 h6 11. Bf4 e5 12. Be3 Bxe3 13. fxe3 Nb4 14. a5 b5 15. axb6 Qxb6 16. Na5 Qxe3+ 17. Kg2 d5 18. exd5 Qd4 1/2-1/2

[Event "SVK-chT2B 1314"]
[Site "Slovakia"]
[Date "2014.01.12"]
[Round "6.4"]
[White "Skreno, Vladimir"]
[Black "Pinter, Patrik"]
[Result "0-1"]
[WhiteElo "2195"]
[BlackElo "2162"]
[PlyCount "124"]
[EventDate "2013.10.19"]
[EventType "team-tourn"]
[EventRounds "11"]
[EventCountry "SVK"]
[SourceTitle "EXT 2015"]
[Source "ChessBase"]
[SourceDate "2014.11.20"]
[SourceVersion "1"]
[SourceVersionDate "2014.11.20"]
[SourceQuality "1"]
[WhiteTeam "Nitra NSK II"]
[BlackTeam "Topolcianky"]
[WhiteTeamCountry "SVK"]
[BlackTeamCountry "SVK"]

1. d4 g6 2. Nf3 Bg7 3. c4 c5 4. d5 b5 5. cxb5 a6 6. bxa6 Bxa6 7. Nc3 d6 8. g3 Nf6 9. Bg2 0-0 10. 0-0 Nbd7 11. Re1 Qc7 12. Qc2 Rfb8 13. e4 Ng4 14. Bd2 Nde5 15. Nxe5 Nxe5 16. Nd1 Nd3 17. Re3 Nxb2 18. Bc3 Nc4 19. Re1 Bxc3 20. Qxc3 Qa5 21. Qxa5 Nxa5 22. Nc3 Nc4 23. Bf1 Nd2 24. Be2 Bxe2 25. Rxe2 Nf3+ 26. Kg2 Nd4 27. Rd2 Nb3 28. Rad1 Nxd2 29. Rxd2 Ra3 30. Ne2 Rb1 31. Rc2 Rb4 32. f3 Kf8 33. g4 Ke8 34. g5 Kd7 35. h4 Ra8 36. Kg3 h5 37. gxh6 Rh8 38. Rc3 Kc7 39. a3 Ra4 40. Rb3 Rxh6 41. Nc3 Ra5 42. Nb5+ Kd7 43. Nc3 Ra7 44. Rb8 Rxa3 45. Nb5 Ra5 46. f4 Rh5 47. Kh3 f6 48. Kg3 Ra4 49. Rb7+ Ke8 50. Rb8+ Kf7 51. Rb7 Rb4 52. Nxd6+ Kf8 53. Nb5 Rxe4 54. Rb8+ Kf7 55. d6 Ke6 56. Kf3 f5 57. dxe7 Kxe7 58. Rb7+ Kd8 59. Nd6 Rd4 60. Nb5 Rb4 61. Kg3 Rb3+ 62. Kg2 c4 0-1

[Event "SVK-chT2B 1314"]
[Site "Slovakia"]
[Date "2013.11.23"]
[Round "3.2"]
[White "Pinter, Patrik"]
[Black "Bojda, Lubomir"]
[Result "1-0"]
[WhiteElo "2162"]
[BlackElo "2174"]
[PlyCount "69"]
[EventDate "2013.10.19"]
[EventType "team-tourn"]
[EventRounds "11"]
[EventCountry "SVK"]
[SourceTitle "EXT 2015"]
[Source "ChessBase"]
[SourceDate "2014.11.20"]
[SourceVersion "1"]
[SourceVersionDate "2014.11.20"]
[SourceQuality "1"]
[WhiteTeam "Topolcianky"]
[BlackTeam "Surany"]
[WhiteTeamCountry "SVK"]
[BlackTeamCountry "SVK"]

1. e4 d6 2. d4 Nf6 3. Nc3 c6 4. Bg5 g6 5. Qd2 h6 6. Bxf6 exf6 7. f4 f5 8. e5 Bg7 9. Nf3 0-0 10. 0-0-0 Be6 11. Kb1 Nd7 12. h3 dxe5 13. dxe5 Qa5 14. Nd4 Rfd8 15. Nxe6 fxe6 16. Bd3 b5 17. g4 b4 18. Ne2 Nc5 19. Qe3 Nxd3 20. cxd3 b3 21. axb3 Qd5 22. Nc1 a5 23. gxf5 gxf5 24. Rhg1 Rd7 25. Rg3 a4 26. bxa4 Rb7 27. Rdg1 Rxa4 28. R1g2 Qa5 29. Qg1 Ra1+ 30. Kc2 Qa4+ 31. b3 Rxc1+ 32. Qxc1 Qxb3+ 33. Kd2 Qb4+ 34. Ke3 Rd7 35. Qc4 1-0

[Event "SVK-chT1W 1314"]
[Site "Slovakia"]
[Date "2013.11.17"]
[Round "4.5"]
[White "Pinter, Patrik"]
[Black "Oprea, Erik"]
[Result "0-1"]
[WhiteElo "2162"]
[BlackElo "2130"]
[PlyCount "128"]
[EventDate "2013.10.12"]
[EventType "team-tourn"]
[EventRounds "11"]
[EventCountry "SVK"]
[SourceTitle "EXT 2015"]
[Source "ChessBase"]
[SourceDate "2014.11.20"]
[SourceVersion "1"]
[SourceVersionDate "2014.11.20"]
[SourceQuality "1"]
[WhiteTeam "Prievidza"]
[BlackTeam "Devinska Nova Ves"]
[WhiteTeamCountry "SVK"]
[BlackTeamCountry "SVK"]

1. e4 e5 2. Nf3 Nc6 3. Bb5 a6 4. Ba4 Bc5 5. c3 b5 6. Bb3 Nf6 7. d3 d5 8. Nbd2 d4 9. Qe2 Qd6 10. a4 Bb7 11. axb5 axb5 12. Rxa8+ Bxa8 13. 0-0 0-0 14. Nh4 g6 15. Ndf3 Kg7 16. h3 Bb7 17. Nh2 Bc8 18. Ng4 Nxg4 19. hxg4 Be6 20. Bc2 Qd7 21. g5 Bg4 22. Qd2 Ra8 23. Kh2 Ra2 24. f3 Be6 25. Qd1 Ra1 26. Qe2 Ra2 27. Bb1 Ra1 28. Bd2 Bb3 29. f4 exf4 30. Bxf4 Bd6 31. g3 b4 32. cxb4 Nxb4 33. Qf2 c5 34. Ng2 Bxf4 35. Qxf4 Qe7 36. Kg1 Ra6 37. Qd2 Qe5 38. Qf4 Qxf4 39. Nxf4 Ra1 40. Kf2 h6 41. gxh6+ Kxh6 42. Nh3 Ba4 43. Ke2 Bb3 44. Nf2 Kg5 45. Re1 f5 46. exf5 gxf5 47. Kd2 Bd5 48. Rc1 Bb3 49. Re1 Nd5 50. Rc1 Ne3 51. Re1 Ra8 52. Rh1 Re8 53. Rc1 Re7 54. Rh1 Rb7 55. Re1 Rh7 56. Rh1 Rxh1 57. Nxh1 Kg4 58. Ke2 Bd1+ 59. Ke1 Bb3 60. Ke2 Bd5 61. Nf2+ Kxg3 62. Ke1 Bb3 63. Ke2 Kg2 64. Ke1 Ng4 0-1

[Event "SVK-chT2B 1314"]
[Site "Slovakia"]
[Date "2013.10.20"]
[Round "2.1"]
[White "Gazik, Igor"]
[Black "Pinter, Patrik"]
[Result "1-0"]
[WhiteElo "2321"]
[BlackElo "2162"]
[PlyCount "117"]
[EventDate "2013.10.19"]
[EventType "team-tourn"]
[EventRounds "11"]
[EventCountry "SVK"]
[SourceTitle "EXT 2015"]
[Source "ChessBase"]
[SourceDate "2014.11.20"]
[SourceVersion "1"]
[SourceVersionDate "2014.11.20"]
[SourceQuality "1"]
[WhiteTeam "Bojnice"]
[BlackTeam "Topolcianky"]
[WhiteTeamCountry "SVK"]
[BlackTeamCountry "SVK"]

1. e4 d6 2. d4 Nf6 3. Nc3 g6 4. f3 c6 5. Be3 Bg7 6. Qd2 b5 7. g4 h5 8. g5 Nfd7 9. f4 Nb6 10. b3 b4 11. Nd1 c5 12. Nf2 Nc6 13. Bb5 Bd7 14. Ne2 0-0 15. Bxc6 Bxc6 16. 0-0-0 Nd7 17. f5 Qa5 18. Kb1 Rfc8 19. Nf4 cxd4 20. Bxd4 Ne5 21. Qc1 Qb5 22. Qb2 a5 23. fxg6 fxg6 24. Nxg6 Nxg6 25. Bxg7 a4 26. Rhe1 Be8 27. Bh6 Qe5 28. Nd3 Qxb2+ 29. Kxb2 a3+ 30. Kc1 Rab8 31. Re3 Rb5 32. Rf1 Bd7 33. Ref3 Be6 34. Nf4 Nxf4 35. Rxf4 Kh7 36. Rf8 Rbc5 37. Rxc8 Rxc8 38. Rf8 Kg6 39. Rxc8 Bxc8 40. Kd2 Bb7 41. Ke3 h4 42. Kd4 Bc6 43. e5 dxe5+ 44. Kxe5 Bd7 45. Kd4 Bf5 46. Kc4 Bxc2 47. Kxb4 e5 48. Kxa3 e4 49. Kb2 Bd3 50. Kc3 Bb1 51. a4 e3 52. b4 e2 53. Kd2 Bd3 54. b5 h3 55. b6 Ba6 56. a5 Kf5 57. b7 Bxb7 58. Kxe2 Ba6+ 59. Ke3 1-0

[Event "SVK-chT2B 1314"]
[Site "Slovakia"]
[Date "2013.10.19"]
[Round "1.2"]
[White "Kaniansky, Miroslav"]
[Black "Pinter, Patrik"]
[Result "1-0"]
[WhiteElo "2203"]
[BlackElo "2162"]
[PlyCount "55"]
[EventDate "2013.10.19"]
[EventType "team-tourn"]
[EventRounds "11"]
[EventCountry "SVK"]
[SourceTitle "EXT 2015"]
[Source "ChessBase"]
[SourceDate "2014.11.20"]
[SourceVersion "1"]
[SourceVersionDate "2014.11.20"]
[SourceQuality "1"]
[WhiteTeam "Prievidza II"]
[BlackTeam "Topolcianky"]
[WhiteTeamCountry "SVK"]
[BlackTeamCountry "SVK"]

1. d4 g6 2. c4 Bg7 3. e4 c5 4. Nf3 cxd4 5. Nxd4 Nc6 6. Be3 Nf6 7. Nc3 d6 8. Be2 0-0 9. 0-0 Nxd4 10. Bxd4 b6 11. f4 Bb7 12. Bf3 Qc7 13. b3 Bc6 14. Rc1 Qb7 15. Re1 a6 16. Nd5 Bxd5 17. cxd5 Rfc8 18. Re2 Rxc1 19. Qxc1 Rc8 20. Rc2 Rxc2 21. Qxc2 Nd7 22. Be3 Nb8 23. Bg4 e6 24. dxe6 Nc6 25. exf7+ Kxf7 26. Qc4+ Kf8 27. Qe6 Ne7 28. f5 1-0

[Event "SVK-chT1W 1314"]
[Site "Slovakia"]
[Date "2013.10.13"]
[Round "2.5"]
[White "Pinter, Patrik"]
[Black "Jablonicky, Martin"]
[Result "1/2-1/2"]
[WhiteElo "2162"]
[BlackElo "1967"]
[PlyCount "141"]
[EventDate "2013.10.12"]
[EventType "team-tourn"]
[EventRounds "11"]
[EventCountry "SVK"]
[SourceTitle "EXT 2015"]
[Source "ChessBase"]
[SourceDate "2014.11.20"]
[SourceVersion "1"]
[SourceVersionDate "2014.11.20"]
[SourceQuality "1"]
[WhiteTeam "Prievidza"]
[BlackTeam "Osuske"]
[WhiteTeamCountry "SVK"]
[BlackTeamCountry "SVK"]

1. e4 c5 2. Nf3 d6 3. d4 cxd4 4. Nxd4 Nf6 5. Nc3 Nc6 6. Be2 g6 7. 0-0 Bg7 8. Be3 0-0 9. Kh1 Bd7 10. f4 Qa5 11. Bf3 Rac8 12. Nb3 Qd8 13. Qe2 a6 14. a4 Na5 15. Nd2 b5 16. axb5 axb5 17. e5 dxe5 18. fxe5 Ne8 19. Nd5 Nc4 20. Nxc4 Rxc4 21. Bb6 Qb8 22. Ra8 Qxe5 23. Nxe7+ Kh8 24. Qxe5 Bxe5 25. Rd8 Be6 26. Bc6 Bd6 27. Rxe8 Bxe7 28. Bxb5 Rxe8 29. Bxe8 Rxc2 30. Ba4 Re2 31. Bd1 Rd2 32. Ba5 Rd7 33. Bc3+ f6 34. Bf3 Kg7 35. Rc1 Kf7 36. Be1 Bb3 37. Kg1 f5 38. Kf1 Bf6 39. Bc3 Bg5 40. Ra1 Bd2 41. Ra3 Bc4+ 42. Be2 Bxe2+ 43. Kxe2 Bxc3 44. Rxc3 Ke6 45. Re3+ Kf6 46. Rd3 Rb7 47. b3 g5 48. Kd2 f4 49. h3 Ke5 50. Rc3 h5 51. Rc5+ Kd4 52. Rxg5 Rxb3 53. Ke2 Ke4 54. Rxh5 Rb2+ 55. Kf1 Rb1+ 56. Kf2 Rb2+ 57. Kg1 Rb1+ 58. Kh2 Rb2 59. Rh8 f3 60. Re8+ Kd3 61. Kg3 fxg2 62. Kh2 Kd4 63. h4 Kd5 64. Re1 g1Q+ 65. Kxg1 Rb4 66. h5 Rh4 67. Ra1 Ke5 68. Kg2 Kf6 69. Ra5 Kg7 70. Kg3 Rh1 71. Kg4 1/2-1/2

[Event "SVK-chT1W 1213"]
[Site "Slovakia"]
[Date "2013.03.23"]
[Round "10.7"]
[White "Pinter, Patrik"]
[Black "Nemeckay, Rastislav"]
[Result "1-0"]
[WhiteElo "2164"]
[BlackElo "1980"]
[PlyCount "78"]
[EventDate "2012.10.20"]
[EventType "team-tourn"]
[EventRounds "11"]
[EventCountry "SVK"]
[SourceTitle "EXT 2015"]
[Source "ChessBase"]
[SourceDate "2014.11.20"]
[SourceVersion "1"]
[SourceVersionDate "2014.11.20"]
[SourceQuality "1"]
[WhiteTeam "Prievidza"]
[BlackTeam "Osuske"]
[WhiteTeamCountry "SVK"]
[BlackTeamCountry "SVK"]

1. e4 e5 2. Nf3 Nc6 3. Bb5 a6 4. Ba4 Nf6 5. 0-0 b5 6. Bb3 Be7 7. Re1 d6 8. c3 0-0 9. h3 Na5 10. Bc2 c5 11. d4 Qc7 12. d5 c4 13. Nbd2 Bd7 14. Nf1 Nb7 15. Ng3 a5 16. Nh2 Rfe8 17. f4 exf4 18. Bxf4 b4 19. Nf3 Nc5 20. Nd4 g6 21. Qf3 b3 22. axb3 Nxb3 23. Bxb3 cxb3 24. e5 dxe5 25. Bxe5 Bd6 26. Bxf6 Bxg3 27. Rxe8+ Rxe8 28. Nxb3 a4 29. Nd4 Be5 30. Rf1 Bxd4+ 31. Bxd4 f5 32. Qf2 Bb5 33. Re1 Qd7 34. Rxe8+ Qxe8 35. Qh4 Qe2 36. Qd8+ Kf7 37. Qc7+ Qe7 38. Qb8 Be8 39. Qb6 Qe4 1-0

[Event "SVK-chT1W 1213"]
[Site "Slovakia"]
[Date "2013.02.24"]
[Round "9.6"]
[White "Bednar, Jan"]
[Black "Pinter, Patrik"]
[Result "0-1"]
[WhiteElo "2143"]
[BlackElo "2164"]
[PlyCount "72"]
[EventDate "2012.10.20"]
[EventType "team-tourn"]
[EventRounds "11"]
[EventCountry "SVK"]
[SourceTitle "EXT 2015"]
[Source "ChessBase"]
[SourceDate "2014.11.20"]
[SourceVersion "1"]
[SourceVersionDate "2014.11.20"]
[SourceQuality "1"]
[WhiteTeam "Budmerice"]
[BlackTeam "Prievidza"]
[WhiteTeamCountry "SVK"]
[BlackTeamCountry "SVK"]

1. d4 g6 2. c4 Bg7 3. Nc3 c5 4. Nf3 cxd4 5. Nxd4 Nc6 6. Be3 Nf6 7. g3 0-0 8. Bg2 Ng4 9. Nxc6 Nxe3 10. Nxd8 Nxd1 11. Rxd1 Rxd8 12. 0-0 Rb8 13. Rd3 b6 14. Rfd1 d6 15. Nd5 Kf8 16. Ra3 Rd7 17. b3 a5 18. b4 e6 19. Ne3 axb4 20. Rb3 Ra7 21. Rxb4 Ke7 22. Rb3 Bd7 23. a3 Ba4 24. Rbd3 Bxd1 25. Nxd1 Ra4 26. Bc6 Rxc4 27. Bb5 Rc1 28. Kg2 Rbc8 29. e4 f5 30. f3 R8c2+ 31. Kh3 Ra2 32. Ne3 Rc3 33. Rxc3 Bxc3 34. Nc4 Bd4 35. g4 fxg4+ 36. Kxg4 d5 0-1

[Event "SVK-chT1W 1213"]
[Site "Slovakia"]
[Date "2012.12.09"]
[Round "4.5"]
[White "Janos, Jozef"]
[Black "Pinter, Patrik"]
[Result "0-1"]
[WhiteElo "2152"]
[BlackElo "2164"]
[PlyCount "102"]
[EventDate "2012.10.20"]
[EventType "team-tourn"]
[EventRounds "11"]
[EventCountry "SVK"]
[SourceTitle "EXT 2014"]
[Source "ChessBase"]
[SourceDate "2013.11.20"]
[SourceVersion "1"]
[SourceVersionDate "2013.11.20"]
[SourceQuality "1"]
[WhiteTeam "Bratislava Doprastav II"]
[BlackTeam "Prievidza"]
[WhiteTeamCountry "SVK"]
[BlackTeamCountry "SVK"]

1. d4 Nf6 2. Nf3 g6 3. c4 Bg7 4. Nc3 0-0 5. e4 d6 6. Be2 Nbd7 7. 0-0 e5 8. d5 Nc5 9. Qc2 a5 10. Ne1 Ne8 11. Be3 f5 12. f3 f4 13. Bf2 g5 14. a3 Rf7 15. Rb1 Bf8 16. b4 Nd7 17. Nd3 Rg7 18. c5 Ndf6 19. cxd6 cxd6 20. Na4 axb4 21. Rxb4 Bd7 22. Nb6 Rxa3 23. Qb2 Ra5 24. Nc4 Ra4 25. Rxa4 Bxa4 26. Ra1 b5 27. Nb6 g4 28. Nxa4 bxa4 29. Rxa4 g3 30. hxg3 fxg3 31. Be3 Nh5 32. Kf1 Qh4 33. Ke1 Nhf6 34. Bf1 Rf7 35. Ra8 Bh6 36. Bxh6 Qxh6 37. Qc1 Qh4 38. Qe3 Rf8 39. Ra7 h6 40. Nc1 Nh7 41. Kd2 Ng5 42. Bb5 Qh2 43. Bxe8 Qxg2+ 44. Ne2 Rxf3 45. Qg1 Nxe4+ 46. Ke1 Qf2+ 47. Kd1 Rd3+ 48. Kc1 Qxe2 49. Bf7+ Kf8 50. Ra8+ Kg7 51. Bh5 Qd2+ 0-1